Homenaje a Gaspar Casal (Registro nro. 81153)

Detalles MARC
000 -LEADER
campo de control de longitud fija 00437nam a2200145 i 4500
001 - NÚMERO DE CONTROL
campo de control 81153
003 - IDENTIFICADOR DE NÚMERO DE CONTROL
campo de control ES-MaACL
005 - FECHA Y HORA DE LA ÚLTIMA TRANSACCIÓN
campo de control 20230906174359.0
007 - CAMPO FIJO DE DESCRIPCIÓN FÍSICA--INFORMACIÓN GENERAL
campo de control de longitud fija t|
008 - DATOS DE LONGITUD FIJA--INFORMACIÓN GENERAL
campo de control de longitud fija 041103s1962 sp ||||1| spa d
245 00 - MENCIÓN DEL TÍTULO
Título Homenaje a Gaspar Casal
Resto del título : célebre biólogo del siglo XVIII.
260 ## - PUBLICACIÓN, DISTRIBUCIÓN, ETC.
Lugar de publicación, distribución, etc. [Barcelona :
Nombre del editor, distribuidor, etc. Academia de Ciencias Médicas :
-- Ariel,
Fecha de publicación, distribución, etc. 1962]
300 ## - DESCRIPCIÓN FÍSICA
Extensión 44 p. :
Otras características físicas il. ;
Dimensiones 23 cm.
852 ## - LOCALIZACIÓN
Ubicación ES-MaACL
Número de control de estantería 2036-F-13
Sublocalización o colección R.53636
Existencias
Estatus retirado Estado de pérdida Estado de daño No para préstamo Colección Biblioteca de origen Biblioteca actual Ubicación en estantería Fecha de adquisición Fuente de adquisición Total de préstamos Signatura topográfica completa Código de barras Visto por última vez Precio de reemplazo Tipo de ítem Koha
        Colección de folletos Biblioteca del Ateneo de Madrid Biblioteca del Ateneo de Madrid Depósito folletos 17/01/2008     2036-F-13 1084835 23/02/2023 23/02/2023 Folleto